005590000a2200145000450000500170000000800410001708200170005824501210007526000610019630000180025765000240027594200070029995200920030699900150039820231213122936.0230817t ||||| |||| 00| 0 eng d a370.954bEDU aEducation and Training in Sri Lanka: (An Asian Development Bank Sponsored Project)bDevelopment Perspective:nVol. 3 aNew Delhi:bEducational Consultants India Limited,c1989 axxxvi, 229 p. aEDUCATION-Sri Lanka cRP 00104070aMAINbMAINd2023-08-17l0o370.954 EDUpRAF4411r2023-08-17w2023-08-17yRP c1801d1801